000
00274nam a2200145Ia 4500
100
_a
VAsilyev/M
650
_a
Chemistry
942
_c
BK
654
_a
man
245
_a
Matter & Man
260
_b
Peace publishers
082
_a
530
300
_a
178
546
_a
ENGLISH
999
_c
25210
_d
25210